000 00718nam a2200217Ii 4500
003 JO-AjNU
008 230605s9999||||xx |||||||||||||| ||und||
017 _a2009/7/1349
040 _aJO-AjNU
_bara
_erda
_cJO-AjNU
041 _aara
050 1 4 _aDS109.9.S2458 2009
100 3 _aتاليف سخنيني، عصام,
_eauthor
_929480
245 0 0 _aالقدس تاريخ مختطف وآثار مزورة
250 _aط1
264 3 1 _aعمان: منشورات اللجنة الملكية لشؤون القدس، 2009
300 _a237ص
336 _atext
_btxt
_2rdacontent
337 _aunmediated
_bn
_2rdamedia
338 _avolume
_bnc
_2rdacarrier
650 4 _aالقدس (فلسطين)- تاريخ
_929481
999 _aA11569
_c15137
_d15137